Роль самостоятельной работы студентов в различных поколениях образовательных стандартов высшего профессионального образования; Уровневая подготовка специалистов: государственные и международные стандарты инженерного образования

Détails bibliographiques
Parent link:Уровневая подготовка специалистов: государственные и международные стандарты инженерного образования.— 2011.— [С. 92-94]
Auteur principal: Жадан В. А. Валерий Афанасьевич
Collectivité auteur: Национальный исследовательский Томский политехнический университет (ТПУ)
Autres auteurs: Соловьёв М. А. Михаил Александрович
Résumé:Заглавие с титульного листа
Langue:russe
Publié: 2011
Collection:Самостоятельная работа в условиях асинхронной организации учебного процесса
Sujets:
Accès en ligne:http://www.lib.tpu.ru/fulltext/c/2011/C09/048.pdf
Format: MixedMaterials Électronique Chapitre de livre
KOHA link:https://koha.lib.tpu.ru/cgi-bin/koha/opac-detail.pl?biblionumber=231746

MARC

LEADER 00000nla2a2200000 4500
001 231746
005 20240209162422.0
035 |a (RuTPU)RU\TPU\book\252772 
035 |a RU\TPU\book\252731 
090 |a 231746 
100 |a 20130206d2011 k y0rusy50 ca 
101 0 |a rus 
102 |a RU 
105 |a y z 101zy 
135 |a drnn ---uucaa 
181 0 |a i  
182 0 |a b 
200 1 |a Роль самостоятельной работы студентов в различных поколениях образовательных стандартов высшего профессионального образования  |f В. А. Жадан, М. А. Соловьёв 
203 |a Текст  |c электронный 
215 |a 1 файл (249 Кб) 
225 1 |a Самостоятельная работа в условиях асинхронной организации учебного процесса 
300 |a Заглавие с титульного листа 
337 |a Adobe Reader 
463 1 |0 (RuTPU)RU\TPU\book\243018  |t Уровневая подготовка специалистов: государственные и международные стандарты инженерного образования  |o сборник трудов научно-методической конференции, 10-11 марта 2011 г., Томск  |f Национальный исследовательский Томский политехнический университет (ТПУ)  |v [С. 92-94]  |d 2011 
610 1 |a труды учёных ТПУ 
610 1 |a электронный ресурс 
610 1 |a самостоятельная работа 
610 1 |a студенты 
610 1 |a образовательные стандарты 
700 1 |a Жадан  |b В. А.  |c специалист в области организации высшего профессионального образования  |c начальник учебно-методического отдела Томского политехнического университета  |g Валерий Афанасьевич  |3 (RuTPU)RU\TPU\pers\26828 
701 1 |a Соловьёв  |b М. А.  |c специалист в области электроэнергетики, организации высшего профессионального образования  |c доцент Томского политехнического университета, кандидат технических наук  |f 1972-  |g Михаил Александрович  |3 (RuTPU)RU\TPU\pers\25186  |9 11266 
712 0 2 |a Национальный исследовательский Томский политехнический университет (ТПУ)  |c (2009- )  |3 (RuTPU)RU\TPU\col\15902 
801 1 |a RU  |b 63413507  |c 20120830 
801 2 |a RU  |b 63413507  |c 20130207  |g RCR 
856 4 |u http://www.lib.tpu.ru/fulltext/c/2011/C09/048.pdf 
942 |c CF